000 00707cam a2200205 4500
001 ABS62849
008 000000n2000 000 0 eng u
035 _a(Sirsi) u108547
245 _aOccupier 2000: Offices
260 _c2000
490 _aEstates Gazette
_v(0036) 9 September 2000, 125-133(7)
520 _aSpecial feature on the office occupiers. Development profile of GreenPark, Prudential's new office scheme near Reading and an article on serviced offices.
590 _aABS
650 _aSERVICED OFFICES
650 _aOFFICE OCCUPIERS
650 _aPROJECT PARTNERING CONTRACT
650 _aOCCUPIERS
690 _aPROPERTY-COMMERCIAL PROPERTY-COMMERCIAL PROPERTY MARKET
942 _n0
999 _c64814
_d64814